<?xml version="1.0" encoding="UTF-8"?>
<collection xmlns="http://www.loc.gov/MARC21/slim">
 <record>
  <leader>01265nam a2200205Ia 4500</leader>
  <controlfield tag="001">TDMU_20133</controlfield>
  <controlfield tag="008">210410s9999    xx            000 0 und d</controlfield>
  <datafield tag="082" ind1=" " ind2=" ">
   <subfield code="a">371.809597</subfield>
  </datafield>
  <datafield tag="090" ind1=" " ind2=" ">
   <subfield code="b">PH104</subfield>
  </datafield>
  <datafield tag="100" ind1=" " ind2=" ">
   <subfield code="a">Phạm, Thị Huệ</subfield>
  </datafield>
  <datafield tag="245" ind1=" " ind2="0">
   <subfield code="a">é˜®æœæœ¨ç‰ˆ</subfield>
  </datafield>
  <datafield tag="260" ind1=" " ind2=" ">
   <subfield code="a">Hà Nội</subfield>
  </datafield>
  <datafield tag="260" ind1=" " ind2=" ">
   <subfield code="b">Chính trị Quốc gia - Sự thật</subfield>
  </datafield>
  <datafield tag="260" ind1=" " ind2=" ">
   <subfield code="c">2012</subfield>
  </datafield>
  <datafield tag="300" ind1=" " ind2=" ">
   <subfield code="a">xl, 951 tr.</subfield>
  </datafield>
  <datafield tag="520" ind1=" " ind2=" ">
   <subfield code="a">Đầu trang sách ghi : Cục Văn thư và Lưu trữ Nhà nước. Trung Tâm Lưu trữ Quốc gia IV; tr.945-946; Văn bản song song bằng tiếng Việt - Hán; Nội dung trình bày những thông tin về các nhà khoa bảng các tỉnh Trung Bộ và Nam Bộ. Đây là những thông tin gốc được khắc trên Mộc bản triều Nguyễn lần đầu tiên được công bố.</subfield>
  </datafield>
  <datafield tag="650" ind1=" " ind2=" ">
   <subfield code="a">Nhà khoa bảng</subfield>
   <subfield code="z">Việt Nam; Tài liệu mộc bản</subfield>
   <subfield code="z">Việt Nam; Thi cử</subfield>
   <subfield code="z">Việt Nam</subfield>
   <subfield code="y">Triều đại nhà Nguyễn,1802-1945</subfield>
  </datafield>
  <datafield tag="700" ind1=" " ind2=" ">
   <subfield code="a">Cục Văn thư và Lưu trữ Nhà nước</subfield>
  </datafield>
  <datafield tag="856" ind1=" " ind2=" ">
   <subfield code="u">http://lrc.tdmu.edu.vn/opac/search/detail.asp?aID=2&amp;ID=20133</subfield>
  </datafield>
  <datafield tag="980" ind1=" " ind2=" ">
   <subfield code="a">Trung tâm Học liệu Trường Đại học Thủ Dầu Một</subfield>
  </datafield>
 </record>
</collection>
